|
|
|
|
| LEADER |
00000cam a2200000 a 4500 |
| 001 |
vtls009671378 |
| 003 |
SK-MaSNL |
| 005 |
20260302010250.0 |
| 008 |
250604s1990 xo oal grf 000 0 slo |
| 015 |
|
|
|a SNBA1990/10
|
| 020 |
|
|
|q (brožované)
|
| 035 |
|
|
|a urn:nbn:sk:snk-amlj9n
|
| 035 |
|
|
|a urn:nbn:sk:snk-am00bra5
|
| 035 |
|
|
|a 7CF152D8-288E-4777-8787-07138BDEDD1F
|
| 040 |
|
|
|a SNK
|b slo
|c SNK
|e AACR2
|
| 041 |
0 |
|
|a slo
|
| 044 |
|
|
|a xo
|c SK
|
| 072 |
|
7 |
|a 004.3
|x Počítače. Hardvér
|2 konspekt
|
| 072 |
|
7 |
|a 004.4/.6
|x Programovanie. Softvér
|2 konspekt
|
| 080 |
|
|
|a 004.38
|2 2011
|
| 080 |
|
|
|a 004.42
|2 2011
|
| 080 |
|
|
|a 004.43
|2 2011
|
| 080 |
|
|
|a (035)
|2 2011
|
| 245 |
0 |
0 |
|a Programovací jazyk QuickC
|n I.
|c Karol Lipták, Zdeněk Havlice, Juraj Sabol, Iveta Zolotová
|
| 260 |
|
|
|a Bratislava
|b Corinex
|c 1990
|
| 300 |
|
|
|a 339 strán
|b fotografie, ilustrácie, schémy, tabuľky
|c 30 cm
|
| 650 |
0 |
7 |
|a QuickC (programovací jazyk)
|2 SNKPH
|9 648846
|
| 650 |
0 |
7 |
|a počítačové programovanie
|2 SNKPH
|9 1224
|
| 650 |
0 |
7 |
|a počítače
|2 SNKPH
|9 2027
|
| 650 |
0 |
7 |
|a programovacie jazyky
|2 SNKPH
|9 1838
|
| 655 |
|
7 |
|a príručky
|2 SNKPH
|9 74364
|
| 700 |
1 |
|
|a Lipták, Karol
|4 aut
|9 648847
|
| 700 |
1 |
|
|a Havlice, Zdeněk,
|d 1958-
|4 aut
|9 111056
|
| 700 |
1 |
|
|a Sabol, Juraj
|c (Ing.)
|4 aut
|9 263131
|
| 700 |
1 |
|
|a Zolotová, Iveta,
|d 1959-
|4 aut
|9 110448
|
| 852 |
|
|
|a Slovenská národná knižnica
|
| 954 |
|
|
|a odborná, vedecká literatúra pôvodná (slovenská)
|2 lita
|
| 958 |
|
|
|a EUIPO
|
| 958 |
|
|
|a RK
|
| 958 |
|
|
|a TL
|
| 958 |
|
|
|a OND
|
| 999 |
|
|
|c 1002545
|d 1004475
|
| 952 |
|
|
|a SNK
|b SNK
|y PREZ
|7 0
|p 17A0860033
|o snkSB 46889/1
|i snkKSP 5998/90
|0 0
|1 0
|4 0
|d 2013-02-14
|f 1
|l 0
|r 2025-02-07 00:00:00
|w 2026-02-24
|
| 952 |
|
|
|a SNK
|b SNK
|y VYP
|7 0
|p 17A1082022
|o snkSB 46889/1 D1
|i snk2013/21178
|8 1
|0 0
|1 0
|4 0
|d 2013-09-12
|l 0
|r 2026-02-24 12:25:17
|w 2026-02-24
|